Drapeaux des Lands d'Allemagne - Statistiques

Statistiques générales
  • Ce quiz a été pris 96 fois
  • Le résultat moyen est 10 sur 16
Statistiques - réponses
Par images Réponse % Correct
Berlin
92%
Baviere
84%
Hambourg
84%
Brême
68%
Saxe
68%
Sarre
64%
Basse Saxe
60%
Rhénanie-Palatinat
60%
Brandebourg
56%
Bade Wurtemberg
52%
Saxe-Anhalt
52%
Schleswig-Holstein
48%
Hesse
44%
Mecklembourg-Poméranie-Occidentale
44%
Rhénanie-du-Nord-Westphalie
44%
Thuringe
44%
Aucun quiz correspondant
Distribution des résultats
% des personnes avec chaque résultat
Percentile par nombre de réponses
Votre historique - résultats
Vous n’avez pas pris ce quiz